Przegląd Strategiczny
Saved in:
| Format: | Serial |
|---|---|
| Language: | English Polish |
| Published: |
Poznań
Wydawnictwo Naukowe WNPiD UAM
|
| Tags: |
No Tags, Be the first to tag this record!
|
MARC
| LEADER | 00000nas1a2200000 4500 | ||
|---|---|---|---|
| 001 | 0281085 | ||
| 005 | 20250701092135.7 | ||
| 022 | |a 2084-6991 | ||
| 041 | 0 | |a eng | |
| 041 | 0 | |a pol | |
| 044 | |a PL | ||
| 245 | 1 | 0 | |a Przegląd Strategiczny |
| 264 | 1 | |a Poznań |b Wydawnictwo Naukowe WNPiD UAM | |